000 00517nam a22001817a 4500
005 20251108172952.0
008 250721s2003 xx 000 0 fre d
082 1 4 _a448/ رشي
100 1 _aرشيد, أحمد
245 1 0 _aدليل المحادثة باللغة الفرنسية /
264 1 _aعمان :
_bالمؤلف,
_c2003.
300 _a93ص
650 1 7 _aاللغة الفرنسية
650 1 7 _aاللغة العربية
700 1 _aفريتاس, جورج
942 _2ddc
_cBK
999 _c93024
_d93024